Statistics for Top 30 Point Guards NBA 2024

Click here to take the quiz!

General Stats

  • This quiz has been taken 458 times
  • The average score is 20 of 30

Answer Stats

RankAnswer% Correct
1.Stephen Curry
100%
2.Luka Doncic
95%
3.Damian Lillard
88%
4.Ja Morant
82%
12.James Harden
81%
13.Jrue Holiday
81%
7.Trae Young
79%
6.De'Aron Fox
77%
11.Jamal Murray
77%
5.Shai-Gilgeous-Alexander
77%
15.Chris Paul
74%
14.Lamelo Ball
74%
19.Russell Westbrook
74%
30.D'Angelo Russell
72%
10.Tyrese Haliburton
72%
9.Darius Garland
71%
8.Jalen Brunson
71%
23.Fred VanVleet
68%
29.Mike Conley
65%
27.Kyle Lowry
64%
17.Cade Cunningham
62%
24.Jordan Poole
59%
18.Marcus Smart
59%
16.CJ McCollum
56%
26.Spencer Dinwiddie
43%
22.Markelle Fultz
40%
21.Scoot Henderson
34%
20.Austin Reaves
28%
28.Kevin Porter J.R
17%
25.Jaden Ivey
16%

Score Distribution

Percentile by Number Answered

Percent of People with Each Score

Your Score History

You have not taken this quiz